|
|
|
|
| LEADER |
00000nam0a2200000 4500 |
| 001 |
305242 |
| 005 |
20231102001800.0 |
| 020 |
|
|
|a RU
|b 82-43275
|
| 035 |
|
|
|a (RuTPU)RU\TPU\book\330508
|
| 090 |
|
|
|a 305242
|
| 100 |
|
|
|a 20150925d1982 km y0rusy5003 ca
|
| 101 |
0 |
|
|a rus
|
| 102 |
|
|
|a RU
|
| 105 |
|
|
|a a z 001zy
|
| 200 |
1 |
|
|a Математическое проектирование сложных судовых систем
|f В. И. Гарбарчук
|
| 210 |
|
|
|a Ленинград
|c Судостроение
|d 1982
|
| 215 |
|
|
|a 107 с.
|c граф.
|
| 320 |
|
|
|a Библиогр.: с. 104-=106
|
| 606 |
1 |
|
|a Судовые системы сложные
|x Проектирование
|2 stltpush
|3 (RuTPU)RU\TPU\subj\58201
|9 76008
|
| 610 |
1 |
|
|a математические методы
|
| 610 |
1 |
|
|a судостроение
|
| 610 |
1 |
|
|a моделирование
|
| 610 |
1 |
|
|a оптимизация
|
| 610 |
1 |
|
|a методы
|
| 675 |
|
|
|a 629.12.001
|z rus
|v 3
|
| 700 |
|
1 |
|a Гарбарчук
|b В. И.
|g Владимир Иванович
|4 070
|
| 801 |
|
0 |
|a RU
|b RuMRKP
|c 19950704
|g psbo
|
| 801 |
|
1 |
|a RU
|b 63413507
|c 20150925
|
| 801 |
|
2 |
|a RU
|b 63413507
|c 20190708
|g RCR
|
| 942 |
|
|
|c BK
|